000
00249nam a22001097a 4500
999
_c
12649
_d
12649
020
_a
9780199475087
082
_a
T158.5
100
_a
Meenakshi Raman
245
_a
Communication Skills
260
_a
India
_b
Oxford University Press
_c
2017
942
_c
BK